Game theory and the environment
Αποθηκεύτηκε σε:
| Άλλοι συγγραφείς: | , |
|---|---|
| Μορφή: | Βιβλίο |
| Γλώσσα: | English |
| Δημοσίευση: |
Cheltenham :
Edward Elgar,
c1998
|
| Θέματα: | |
| Ετικέτες: |
Προσθήκη ετικέτας
Δεν υπάρχουν, Καταχωρήστε ετικέτα πρώτοι!
|
MARC
| LEADER | 00000nam a2200000 i 4500 | ||
|---|---|---|---|
| 001 | 1/18019 | ||
| 008 | 981015s1998 eng d | ||
| 020 | |a 1-85898-415-7 | ||
| 035 | |l 10020765 | ||
| 040 | |a GR-MY-UA |b |e aacr | ||
| 041 | 0 | |a eng | |
| 082 | 0 | |a 333.7 | |
| 245 | 1 | 0 | |a Game theory and the environment / |c edited by Nick Hanley and Henk Folmer |
| 260 | |a Cheltenham : |b Edward Elgar, |c c1998 | ||
| 504 | |a Includes index | ||
| 650 | 0 | 0 | |a Natural resources |x Management. |
| 650 | 0 | 0 | |a Environmental economics. |
| 650 | 0 | 0 | |a Game theory. |
| 700 | 1 | |a Hanley, Nick. |4 edt | |
| 700 | 0 | |a Folmer, Henk |b 1945- |4 edt | |
| 852 | |a INST |b LESVOS |e 19981015 |h 333.7 GAM |p 005100018696 |q 005100018696 |t BK |y 0 | ||
| 901 | |a BIBL-1998-3 | ||
| 909 | |a Λ |b 059404 | ||
| 922 | |a 1ΕΛΗ |b 199809 |c ΚΠΣ/ΤΠ |d ΠΑΠΑΣΩΤΗΡΙΟΥ | ||
| 950 | |a 107-1998-04-06 | ||